书目信息 |
| 题名: |
云和降水物理
|
|
| 作者: | 黄美元 | |
| 分册: | ||
| 出版信息: | 北京 科学出版社 1999 |
|
| 页数: | 291页 | |
| 开本: | 26cm | |
| 丛书名: | ||
| 单 册: | ||
| 中图分类: | P426.5 | |
| 科图分类: | ||
| 主题词: | 气象要素 , 大气现象 | |
| 电子资源: | ||
| ISBN: | 7-03-006197-7 | |
| 000 | 00537nam0 2200193 450 | |
| 001 | 0736196517 | |
| 005 | 20070924100316.51 | |
| 010 | @a7-03-006197-7@d¥39.00 | |
| 100 | @a20070924d km y0chiy0120 ea | |
| 101 | 0 | @achi |
| 200 | 1 | @a云和降水物理@Ayun he jiang shui wu li@f黄美元等@Fhuang mei yuan deng |
| 210 | @a北京@c科学出版社@d1999 | |
| 215 | @a291页@c插图@d26cm | |
| 606 | 0 | @a气象要素 |
| 606 | 0 | @a大气现象 |
| 690 | @aP426.5@v3 | |
| 701 | 0 | @a黄美元@Ahuang mei yuan |
| 801 | 0 | @aCN@bPFT@c20070924 |
| 905 | @a213230@dP426.5@eZY2@f1 | |
| 云和降水物理/黄美元等.-北京:科学出版社,1999 |
| 291页:插图;26cm |
| ISBN 7-03-006197-7:¥39.00 |
| ● |
| 相关链接 |
|
|
|
|
正题名:云和降水物理
索取号:P426.5/ZY2
 
预约/预借
| 序号 | 登录号 | 条形码 | 馆藏地/架位号 | 状态 | 备注 |
| 1 | 7900720 | 279007209 | 资源管理系资料室/ [索取号:P426.5/ZY2] | 在馆 |